• 首页
  • 本馆介绍
  • 公告通知
  • 最新文献
  • 馆藏检索
  • 电子资源
  • 读者导购
  • 参考咨询
  • 我的图书馆
  • 登录
  • 详细信息显示
  • 放入我的书架
  • 预约/预借图书
  • 作者相关作品
  • 分类相关作品
  • 丛书相关作品
  • 出版社相关作品

书目信息

  • 表格格式
  • 工作单格式
  • 卡片格式
题名:
向红丁:我能让你战胜糖尿病
    
 
作者: 向红丁
分册:  
出版信息: 天津   天津科学技术出版社  2015.09
页数: 236页
开本: 20cm
丛书名:
单 册:
中图分类: R587.1
科图分类:
主题词: 内分泌病 , 代谢病
电子资源:
ISBN: 7-5576-0342-7
000 00655nam0 2200217 450
001 2683
005 20161205145647.24
010    @a7-5576-0342-7@dCNY45.00
100    @a20150810d2015 km y0chiy0120 ea
101 0  @achi
102    @aCN@b120000
200 1  @a向红丁:我能让你战胜糖尿病@Axiang hong ding:wo neng rang ni zhan sheng tang niao bing@f向红丁@Fxiang hong ding
210    @a天津@c天津科学技术出版社@d2015.09
215    @a236页@d20cm
330    @a糖尿病·防治
606 0  @a内分泌病
606 0  @a代谢病
690    @aR587.1@v4
701  0 @a向红丁@Axiang hong ding
801  0 @aCN@b大连网信软件有限公司图书馆·11@c20161205
905    @aZUCC@dR587.1@e134
    
    向红丁:我能让你战胜糖尿病/向红丁.-天津:天津科学技术出版社,2015.09
    236页;20cm
    
    
    ISBN 7-5576-0342-7:CNY45.00
    糖尿病·防治
●
相关链接 在E读中查询图书 在五车中查询图书 在当当中查询图书 在豆瓣中查询图书


正题名:向红丁:我能让你战胜糖尿病     索取号:R587.1/134         预约/预借

序号 登录号 条形码 馆藏地/架位号 状态 备注
1 907587   209075873   第二样本阅览室/ [索取号:R587.1/134] 在馆    
2 907588   209075882   第三借阅区/ [索取号:R587.1/134] 在馆    
3 907589   209075891   第三借阅区/ [索取号:R587.1/134] 在馆    
4 907590   209075908   第三借阅区/ [索取号:R587.1/134] 在馆    
5 907591   209075917   第三借阅区/ [索取号:R587.1/134] 在馆    
唐山师范学院图书馆 欢迎您!
大连网信软件有限公司© 版权所有